000 02144nam0a2200397 4500
001 RU\NLR\bibl\1801732
005 20250616150450.0
010 _a978-5-9902475-1-2
_9500
021 _aRU
_b2011-57000
_94039
035 _a(NLR Aleph) 001792394
090 _a1765122
_c1765122
100 _a20110824d2011 |||y0rusy50 ca
101 0 _arus
_deng
102 _aRU
105 _aa |||||||||
200 1 _aТворческое саморазвитие студента в процессе формирования проектно-деятельностных компетенций
_eпрактико-ориентированная монография
_fВ.И. Щеголь, Г.М. Клочкова
_gФедер. агентство по образованию, Тольят. гос. ун-т
210 _aМосква
_aТольятти
_cТГУ
_d2011
215 _a669 с.
_cил., цв. ил.
_d22
300 _aНа 4-й с. обл. авт.: В.И. Щеголь, д.п.н., проф., почет. работник высш. проф. образования, Клочкова Г.М., к.п.н., доц.
300 _aРез. на англ. яз.
320 _aБиблиогр.: с. 555-565 (201 назв.)
606 1 _aВысшие учебные заведения
_xПреподавание
_xПроектов метод
_92521205
_3RU\NLR\auth\661493972
606 1 _aВысшие учебные заведения
_xСамостоятельная работа студентов
_xИспользование компьютеров
_92338911
_3RU\NLR\auth\661398185
606 1 _aСтуденты
_xСамообразование
_91709106
_3RU\NLR\auth\661059214
686 _aЧ486.255
686 _aЧ481.267
686 _aЧ481.69
700 1 _aЩеголь
_bВ. И.
_gВячеслав Иванович
_4070
701 1 _4070
_aКлочкова
_bГ. М.
_cканд. пед. наук
_gГалина Михайловна
_9225007
_3RU\NLR\AUTH\770225063
801 0 _aRU
_bNLR
_c20110824
_gRCR
801 1 _aRU
_bNLR
_c20110824
942 _cBOOK
980 _aNB
980 _aNBR